[Event "Geller Memorial"]
[Site "Moscow"]
[Date "1999.02.05"]
[Round "4.67"]
[White "Belov, Vladimir"]
[Black "Tuturin, Sergey"]
[Result "1-0"]
[WhiteElo "2349"]
[BlackElo "2248"]
[PlyCount "91"]
[EventDate "1999.02.02"]

1. e4 e6 2. d4 d5 3. Nc3 Nf6 4. Bg5 dxe4 5. Nxe4 Be7 6. Bxf6 Bxf6 7. Nf3 O-O 8.
c3 Be7 9. Bd3 Nd7 10. Qe2 b6 11. Neg5 g6 12. Qe4 Bb7 13. Qh4 h5 14. Qg3 Bxf3
15. Nxf3 Bd6 16. Qh3 Qf6 17. O-O-O Qf4+ 18. Nd2 Qg5 19. g3 c5 20. f4 Qg4 21.
Qf1 h4 22. Nc4 Be7 23. Ne3 Qh5 24. d5 e5 25. d6 Bd8 26. Be2 Qh8 27. Bb5 exf4
28. Nd5 Nf6 29. Ne7+ Kg7 30. gxf4 Qh5 31. Rg1 Ne4 32. Bc6 Nxd6 33. Rxd6 Bxe7
34. Rd5 Qh6 35. Bxa8 Rxa8 36. Rd7 Kf8 37. Qf3 Re8 38. Re1 g5 39. Rdxe7 Rxe7 40.
Qa8+ Kg7 41. Rxe7 Qf6 42. Qe4 gxf4 43. Qe5 Qxe5 44. Rxe5 Kg6 45. Kd2 f5 46. Ke2
1-0

[Event "Geller Memorial"]
[Site "Moscow"]
[Date "1999.02.06"]
[Round "5.1"]
[White "Belozerov, Andrei"]
[Black "Polovodin, Igor A"]
[Result "1/2-1/2"]
[WhiteElo "2437"]
[BlackElo "2468"]
[PlyCount "41"]
[EventDate "1999.02.02"]

1. c4 e6 2. Nc3 d5 3. d4 Nf6 4. Bg5 Be7 5. e3 h6 6. Bxf6 Bxf6 7. Nf3 O-O 8. Rc1
c6 9. Bd3 dxc4 10. Bxc4 Nd7 11. Ne4 Qa5+ 12. Qd2 Qxd2+ 13. Kxd2 Be7 14. Bd3 Rd8
15. Ke2 Nf6 16. Rhd1 Nxe4 17. Bxe4 Bd7 18. Ne5 Be8 19. Nc4 Rab8 20. a3 c5 21.
dxc5 1/2-1/2

[Event "Geller Memorial"]
[Site "Moscow"]
[Date "1999.02.06"]
[Round "5.5"]
[White "Korotylev, Alexey"]
[Black "Reprintsev, Alexander"]
[Result "1-0"]
[WhiteElo "2440"]
[BlackElo "2470"]
[PlyCount "95"]
[EventDate "1999.02.02"]

1. d4 d5 2. c4 dxc4 3. Nf3 Nd7 4. e4 b5 5. a4 Bb7 6. axb5 Bxe4 7. Bxc4 e6 8.
Nc3 Bb7 9. O-O Bd6 10. Re1 Ngf6 11. Ne5 Nb6 12. Bd3 Nbd5 13. Qf3 O-O 14. Qh3
Ne7 15. Bg5 Ng6 16. Ra4 Be7 17. Bxg6 hxg6 18. d5 Nh5 19. Bxe7 Qxe7 20. dxe6
Qxe6 21. Qxe6 fxe6 22. Nxg6 Rf6 23. Ne5 Nf4 24. f3 Nd5 25. Rc4 a6 26. bxa6 Bxa6
27. Rc5 Bb7 28. Nxd5 exd5 29. Rxc7 Rb6 30. Nd3 Ba6 31. Nf4 Kh8 32. Ree7 Rg8 33.
Nxd5 Rxb2 34. h4 Bd3 35. Re5 Rb5 36. Rh5+ Bh7 37. Rxh7+ Kxh7 38. Nf6+ Kh8 39.
Nxg8 Kxg8 40. Kh2 Kh7 41. g4 Rb6 42. Kg3 Kh6 43. h5 Rb1 44. Rc6+ Kh7 45. f4 Rb5
46. Kh4 Ra5 47. f5 Ra8 48. h6 1-0

[Event "Geller Memorial"]
[Site "Moscow"]
[Date "1999.02.06"]
[Round "5.8"]
[White "Vokarev, Sergey"]
[Black "Kiriakov, Petr"]
[Result "1/2-1/2"]
[WhiteElo "2462"]
[BlackElo "2564"]
[PlyCount "54"]
[EventDate "1999.02.02"]

1. e4 e6 2. d4 d5 3. Nc3 Nf6 4. Bg5 dxe4 5. Nxe4 Be7 6. Bxf6 gxf6 7. Nf3 f5 8.
Nc3 Bf6 9. Qd2 c5 10. d5 e5 11. h4 O-O 12. O-O-O Bg7 13. d6 e4 14. Ng5 Nd7 15.
f3 h6 16. Nd5 Re8 17. Nxf7 Kxf7 18. Nc7 Nb6 19. Nxa8 e3 20. Qd3 c4 21. Qa3 e2
22. Bxe2 Rxe2 23. Nxb6 axb6 24. d7 Bxd7 25. Qd6 Ba4 26. Qxd8 Rxc2+ 27. Kb1
Rxb2+ 1/2-1/2

[Event "Geller Memorial"]
[Site "Moscow"]
[Date "1999.02.06"]
[Round "5.10"]
[White "Rustemov, Alexander"]
[Black "Zaitsev, Vadim"]
[Result "1-0"]
[WhiteElo "2539"]
[BlackElo "2412"]
[PlyCount "107"]
[EventDate "1999.02.02"]

1. d4 Nf6 2. c4 g6 3. Nc3 Bg7 4. e4 d6 5. Nge2 a6 6. f3 c6 7. a4 a5 8. Bg5 Nbd7
9. Nc1 O-O 10. Nb3 Qb6 11. Ra3 e5 12. d5 cxd5 13. cxd5 h6 14. Bh4 Qb4 15. Bb5
Nc5 16. O-O Nxb3 17. Rxb3 Qc5+ 18. Kh1 g5 19. Bf2 Qc7 20. g4 h5 21. h3 Kh7 22.
Kg2 Kg6 23. Ne2 hxg4 24. hxg4 Nd7 25. Rc3 Qd8 26. Ng3 b6 27. Nf5 Nc5 28. Rh1 f6
29. Ne3 Bd7 30. Bxd7 Qxd7 31. Nf5 Rac8 32. Qc2 Rh8 33. Rxh8 Rxh8 34. Rc4 Bf8
35. Ng3 Qh7 36. Nh5 Qb7 37. b4 axb4 38. Rxb4 Qa6 39. Bxc5 dxc5 40. Rb5 Bd6 41.
Ng3 Qa7 42. Qb3 Rc8 43. Qc4 Ra8 44. Rb2 Qa6 45. Qxa6 Rxa6 46. Nf5 Bc7 47. Kg3
Rxa4 48. Rh2 Bd8 49. Rh6+ Kf7 50. Rh7+ Kg8 51. Rd7 Ra8 52. Nh6+ Kf8 53. Rf7+
Ke8 54. d6 1-0

[Event "Geller Memorial"]
[Site "Moscow"]
[Date "1999.02.06"]
[Round "5.15"]
[White "Rychagov, Andrey"]
[Black "Feoktistov, Alexey A."]
[Result "1-0"]
[WhiteElo "2487"]
[BlackElo "2390"]
[PlyCount "135"]
[EventDate "1999.02.02"]

1. d4 d5 2. c4 e6 3. Nf3 Nf6 4. Nc3 Nbd7 5. Bg5 Be7 6. e3 h6 7. Bh4 O-O 8. Qc2
dxc4 9. Bxc4 c5 10. O-O cxd4 11. Nxd4 Ne5 12. Be2 Bd7 13. Qb3 Qb6 14. Qxb6 axb6
15. Bg3 Bd6 16. Rfc1 Rac8 17. Rc2 Rfd8 18. Rac1 Kf8 19. Ndb5 Bxb5 20. Nxb5 Rxc2
21. Rxc2 Bb8 22. f3 Nd5 23. Rd2 Ke7 24. e4 Nb4 25. Rxd8 Kxd8 26. a3 Nbc6 27.
Kf1 Ke7 28. Bf2 Nd7 29. g3 Be5 30. b4 Bb2 31. Ke1 Be5 32. Kd2 Bb8 33. Be3 Kd8
34. f4 f6 35. Bc4 Ke7 36. Ke2 Nd8 37. Bb3 Nf7 38. Ba4 g6 39. Kd3 f5 40. exf5
gxf5 41. Nc3 Bc7 42. Bd1 Nd6 43. Bd4 Nf6 44. Bf3 Bd8 45. h3 Kf7 46. Be5 Be7 47.
Bd4 Bd8 48. g4 fxg4 49. hxg4 Kg6 50. a4 Nd7 51. Ne4 Bc7 52. Be3 Nf7 53. Nd2 Nd8
54. Nc4 Kf6 55. Be4 Nc6 56. Bxc6 bxc6 57. a5 bxa5 58. bxa5 c5 59. a6 Bb8 60.
Na5 Ba7 61. Nc6 Bb6 62. Kc4 Bc7 63. Bxc5 Nb6+ 64. Bxb6 Bxb6 65. Kd3 h5 66. gxh5
Kf5 67. h6 Kg6 68. Ke4 1-0

[Event "Geller Memorial"]
[Site "Moscow"]
[Date "1999.02.06"]
[Round "5.17"]
[White "Iljushin, Alexei"]
[Black "Arkhangelsky, Boris"]
[Result "1-0"]
[WhiteElo "2484"]
[BlackElo "2382"]
[PlyCount "73"]
[EventDate "1999.02.02"]

1. d4 Nf6 2. c4 e6 3. Nf3 b6 4. g3 Ba6 5. b3 d5 6. Bg2 c5 7. cxd5 exd5 8. O-O
Nc6 9. Bb2 Rc8 10. Ne5 Be7 11. Nxc6 Rxc6 12. Nc3 c4 13. b4 Bb7 14. e4 dxe4 15.
Nxe4 Nxe4 16. Bxe4 Rc7 17. Bxb7 Rxb7 18. d5 O-O 19. Qg4 f6 20. Qxc4 b5 21. Qe4
Qd6 22. a3 Rd8 23. Rfd1 Rc7 24. Rac1 Rdc8 25. Rxc7 Rxc7 26. Rc1 Rxc1+ 27. Bxc1
Kf7 28. Be3 Qd7 29. Kg2 a6 30. h4 f5 31. Qd3 Bf6 32. Bf4 h6 33. h5 Bg5 34. Be5
f4 35. gxf4 Bh4 36. Qg6+ Kg8 37. Qe6+ 1-0

[Event "Geller Memorial"]
[Site "Moscow"]
[Date "1999.02.06"]
[Round "5.18"]
[White "Kachar, Vladimir"]
[Black "Arbakov, Valentin"]
[Result "1/2-1/2"]
[WhiteElo "2390"]
[BlackElo "2482"]
[PlyCount "55"]
[EventDate "1999.02.02"]

1. d4 Nf6 2. c4 c5 3. d5 b5 4. cxb5 a6 5. bxa6 g6 6. Nc3 Bxa6 7. Nf3 d6 8. e4
Bxf1 9. Kxf1 Nbd7 10. h3 Bg7 11. g3 O-O 12. Kg2 Qb6 13. Re1 Rfb8 14. e5 dxe5
15. Nxe5 Nxe5 16. Rxe5 Qb7 17. Qf3 Rd8 18. Bg5 h6 19. Bxf6 Bxf6 20. Re2 Bxc3
21. bxc3 Qxd5 22. Qxd5 Rxd5 23. Rxe7 Ra3 24. Re3 Rd2 25. Rf3 Raxa2 26. Re1 Re2
27. Rb1 Rab2 28. Rd1 1/2-1/2

[Event "Geller Memorial"]
[Site "Moscow"]
[Date "1999.02.06"]
[Round "5.19"]
[White "Akhmadeev, Vadim"]
[Black "Grachev, Boris"]
[Result "1-0"]
[WhiteElo "2467"]
[BlackElo "2192"]
[PlyCount "91"]
[EventDate "1999.02.02"]

1. e4 c5 2. Nf3 d6 3. d4 cxd4 4. Nxd4 Nf6 5. Nc3 Bd7 6. Bg5 e6 7. Qd2 a6 8.
O-O-O Be7 9. f3 Nc6 10. Kb1 Rc8 11. h4 b5 12. Nxc6 Bxc6 13. Bd3 h6 14. Be3 Nd7
15. Qf2 Qc7 16. Bd4 Bf6 17. Bxf6 Nxf6 18. Rhe1 Nd7 19. Bf1 Ne5 20. Qd4 Ke7 21.
f4 Ng6 22. Qf2 Rhd8 23. h5 Nf8 24. Bd3 Nd7 25. Nd5+ exd5 26. exd5+ Kf8 27. dxc6
Qxc6 28. g4 Re8 29. Rg1 d5 30. g5 Nc5 31. Bf5 Rc7 32. gxh6 Qxh6 33. Rxd5 Ne6
34. Bxe6 Rxe6 35. Rd8+ Ke7 36. Rd5 Kf8 37. Rdg5 f6 38. Rc5 Rce7 39. a3 Re4 40.
Rg4 Re8 41. Qd2 R4e7 42. Qd6 Qh7 43. Rg6 Qg8 44. f5 Qf7 45. h6 Kg8 46. Rxg7+
1-0

[Event "Geller Memorial"]
[Site "Moscow"]
[Date "1999.02.06"]
[Round "5.21"]
[White "Lastin, Alexander"]
[Black "Yuferov, Sergey  N"]
[Result "1/2-1/2"]
[WhiteElo "2558"]
[BlackElo "2415"]
[PlyCount "97"]
[EventDate "1999.02.02"]

1. e4 c5 2. Nf3 Nc6 3. d4 cxd4 4. Nxd4 g6 5. Nc3 Bg7 6. Be3 Nf6 7. Bc4 O-O 8.
Bb3 d6 9. h3 Bd7 10. O-O Rc8 11. Re1 Na5 12. Qd3 a6 13. Bg5 Re8 14. Rad1 Nxb3
15. axb3 Qa5 16. Qe3 Qc5 17. Bxf6 exf6 18. Nf3 Bc6 19. Qd3 Rcd8 20. Re2 b5 21.
Rde1 b4 22. Na4 Qa5 23. c4 bxc3 24. Nxc3 f5 25. exf5 Rxe2 26. Rxe2 Qxf5 27.
Qxf5 gxf5 28. Nh4 Bd7 29. Rd2 Be6 30. Nd5 Kf8 31. f4 Bxb2 32. Rxb2 Bxd5 33.
Nxf5 Be4 34. Nd4 Rc8 35. Ra2 Bb7 36. Kf2 Rc3 37. Ra4 Ke7 38. Rb4 Bd5 39. Rb6
Be4 40. Rxa6 Rd3 41. Ra4 f5 42. g4 Rxh3 43. Ra7+ Kf6 44. g5+ Kg6 45. Rd7 Rd3
46. Rxd6+ Kh5 47. Ke2 Kg4 48. Nxf5 Rxb3 49. Nd4 1/2-1/2

[Event "Geller Memorial"]
[Site "Moscow"]
[Date "1999.02.06"]
[Round "5.23"]
[White "Virovlansky, Semen"]
[Black "Vaulin, Alexander"]
[Result "1-0"]
[WhiteElo "2410"]
[BlackElo "2547"]
[PlyCount "69"]
[EventDate "1999.02.02"]

1. e4 c5 2. Nf3 d6 3. d4 Nf6 4. Nc3 cxd4 5. Nxd4 a6 6. Rg1 e5 7. Nb3 b5 8. g4
Bb7 9. Bg2 b4 10. Nd5 Nxd5 11. exd5 Be7 12. a3 a5 13. axb4 axb4 14. Rxa8 Bxa8
15. Bd2 Bh4 16. Qe2 Qb6 17. g5 O-O 18. Be3 Qc7 19. Qh5 Qxc2 20. Qxh4 Qxb3 21.
Be4 g6 22. Rg3 Nd7 23. Rh3 h5 24. gxh6 Qxb2 25. h7+ Kh8 26. Bh6 Qa1+ 27. Ke2
Qa6+ 28. Kf3 Qc8 29. Qe7 b3 30. Bxf8 Qxf8 31. Qxd7 f5 32. Ke2 fxe4 33. Rc3 b2
34. Rc8 b1=R 35. Rxf8# 1-0

[Event "Geller Memorial"]
[Site "Moscow"]
[Date "1999.02.06"]
[Round "5.24"]
[White "Volzhin, Alexander"]
[Black "Panikarovsky, Alexey"]
[Result "1-0"]
[WhiteElo "2543"]
[BlackElo "2407"]
[PlyCount "123"]
[EventDate "1999.02.02"]

1. d4 d5 2. Nf3 Nf6 3. c4 e6 4. Nc3 Nbd7 5. Bg5 c6 6. cxd5 exd5 7. e3 Be7 8.
Bd3 O-O 9. Qc2 Re8 10. h3 Nf8 11. O-O Ne4 12. Bf4 Nxc3 13. bxc3 Bd6 14. Bxd6
Qxd6 15. c4 Bd7 16. Rab1 b6 17. Rfc1 Rec8 18. Ne5 g6 19. c5 Qc7 20. cxb6 axb6
21. Qb3 Qd6 22. Qxb6 Rxa2 23. Qc5 Qf6 24. Rc2 Rxc2 25. Bxc2 Be8 26. Ba4 Nd7 27.
Nxd7 Bxd7 28. Rb7 Qe6 29. Qa7 Be8 30. Bd1 Qd6 31. Bg4 Rd8 32. h4 h5 33. Bh3 Qf6
34. g3 Qd6 35. Kg2 Qf6 36. Qa5 Qd6 37. Qc7 Qf6 38. Ra7 Kf8 39. Kf1 Qd6 40.
Qxd6+ Rxd6 41. Rc7 f5 42. Ke2 Bd7 43. Kf3 Ke7 44. Kf4 Kf6 45. Bf1 Be8 46. Bd3
Re6 47. Bc2 Rd6 48. Ba4 Bd7 49. Ra7 Be8 50. Kf3 Ke6 51. Rc7 Bd7 52. Ke2 Be8 53.
Kd3 Rd8 54. Bxc6 Kd6 55. Bxe8 Kxc7 56. Bxg6 Rf8 57. Ke2 Kd6 58. Kf3 Ke6 59. Kf4
Rf6 60. Bxh5 Rh6 61. Kg5 Rh8 62. Bg6 1-0

[Event "Geller Memorial"]
[Site "Moscow"]
[Date "1999.02.06"]
[Round "5.25"]
[White "Kulikov, Aleksandr"]
[Black "Landa, Konstantin"]
[Result "1/2-1/2"]
[WhiteElo "2405"]
[BlackElo "2542"]
[PlyCount "90"]
[EventDate "1999.02.02"]

1. d4 d5 2. c4 e6 3. Nc3 Be7 4. Nf3 Nf6 5. Bg5 h6 6. Bxf6 Bxf6 7. e3 O-O 8. Qc2
c5 9. dxc5 Qa5 10. cxd5 exd5 11. Be2 Qxc5 12. O-O Nc6 13. Rac1 Be6 14. Ne4 Qe7
15. Nxf6+ Qxf6 16. Rfd1 Rac8 17. Qd2 d4 18. Nxd4 Nxd4 19. exd4 Bxa2 20. Bf3 Qb6
21. b4 Bb3 22. Re1 Rxc1 23. Rxc1 Rd8 24. d5 Ba4 25. h3 a6 26. Qf4 Qf6 27. Qxf6
gxf6 28. Rc7 Rd7 29. Rc8+ Kg7 30. Kh2 Bb3 31. Rc3 Ba2 32. Kg3 f5 33. Kf4 Kf6
34. Rc2 Bxd5 35. Rd2 Ke6 36. Re2+ Kf6 37. Rd2 Ke6 38. Re2+ Kd6 39. Bxd5 Kxd5
40. Kxf5 Kc4 41. Re4+ Kb3 42. g4 Rd3 43. h4 Rh3 44. Re7 b5 45. Ra7 Kxb4 1/2-1/2

[Event "Geller Memorial"]
[Site "Moscow"]
[Date "1999.02.06"]
[Round "5.27"]
[White "Beshukov, Sergei"]
[Black "Drozdovskiy, Yuri"]
[Result "1-0"]
[WhiteElo "2511"]
[BlackElo "2312"]
[PlyCount "75"]
[EventDate "1999.02.02"]

1. e4 e6 2. d3 d5 3. Qe2 Nf6 4. Nf3 Be7 5. g3 O-O 6. Bg2 c5 7. O-O Nc6 8. e5
Nd7 9. c4 d4 10. h4 Qc7 11. Bf4 b6 12. Nbd2 Bb7 13. Rfe1 Nb4 14. Nf1 a6 15. a3
Nc6 16. N1h2 b5 17. Ng4 Rfe8 18. h5 h6 19. Nd2 Bf8 20. Rac1 b4 21. a4 Kh8 22.
b3 Rab8 23. Rb1 Ba8 24. Nf3 Qd8 25. Qd2 Kg8 26. Nh4 Be7 27. Nf3 Bf8 28. Bxh6
gxh6 29. Nxh6+ Bxh6 30. Qxh6 f5 31. Qg6+ Kh8 32. Ng5 Re7 33. Qh6+ Kg8 34. Nxe6
Qc8 35. Bd5 Ncxe5 36. Qg5+ Kf7 37. Qg7+ Ke8 38. Qg8+ 1-0

[Event "Geller Memorial"]
[Site "Moscow"]
[Date "1999.02.06"]
[Round "5.31"]
[White "Deviatkin, Andrei"]
[Black "Bochkarev, Alexander"]
[Result "1/2-1/2"]
[WhiteElo "2284"]
[BlackElo "2457"]
[PlyCount "82"]
[EventDate "1999.02.02"]

1. e4 c5 2. c3 d5 3. exd5 Qxd5 4. d4 e6 5. Nf3 Nf6 6. Bd3 Nc6 7. O-O cxd4 8.
cxd4 Be7 9. Nc3 Qd6 10. Nb5 Qd8 11. Bf4 Nd5 12. Bg3 O-O 13. Rc1 a6 14. Nc3 Nf6
15. Bb1 Nb4 16. Ne5 Bd7 17. a3 Nbd5 18. Qd3 Be8 19. Rfe1 Nxc3 20. bxc3 g6 21.
c4 Rc8 22. Bf4 Nh5 23. Bh6 Bg5 24. Bxf8 Bxc1 25. Rxc1 Kxf8 26. Qe3 Qf6 27. Be4
Rc6 28. Rb1 b5 29. c5 Ng7 30. Rc1 a5 31. Qc3 Qf4 32. Re1 a4 33. g3 Qf6 34. Qb4
Qe7 35. Rc1 Nf5 36. Kg2 Rc8 37. Qc3 Rd8 38. Qd2 Kg7 39. Qe3 f6 40. Nd3 Qd7 41.
Nf4 Bf7 1/2-1/2

[Event "Geller Memorial"]
[Site "Moscow"]
[Date "1999.02.06"]
[Round "5.33"]
[White "Donchenko, Anatoly"]
[Black "Dokutchaev, Alexander"]
[Result "1/2-1/2"]
[WhiteElo "2382"]
[BlackElo "2443"]
[PlyCount "22"]
[EventDate "1999.02.02"]

1. Nf3 Nf6 2. c4 g6 3. Nc3 Bg7 4. g3 O-O 5. Bg2 d6 6. d4 Nbd7 7. O-O e5 8. h3
Re8 9. e4 exd4 10. Nxd4 Nc5 11. Re1 c6 1/2-1/2

[Event "Geller Memorial"]
[Site "Moscow"]
[Date "1999.02.06"]
[Round "5.36"]
[White "Saulin, Dmitri"]
[Black "Janturin, Artur"]
[Result "1-0"]
[WhiteElo "2427"]
[BlackElo "2224"]
[PlyCount "69"]
[EventDate "1999.02.02"]

1. e4 e6 2. d4 d5 3. Nc3 Bb4 4. e5 c5 5. a3 Bxc3+ 6. bxc3 Ne7 7. h4 Qc7 8. h5
h6 9. Rh3 b6 10. Qg4 Rg8 11. Bd3 cxd4 12. Ne2 Qxe5 13. cxd4 f5 14. dxe5 fxg4
15. Rg3 Nbc6 16. Bb2 g5 17. hxg6 Nxg6 18. Rxg4 Kf7 19. Bxg6+ Rxg6 20. Rh4 Rxg2
21. Rxh6 Kg7 22. Rf6 Rg5 23. Nf4 Nxe5 24. Rxe6 Bxe6 25. Nxe6+ Kg6 26. Nxg5 Re8
27. O-O-O Kxg5 28. Rxd5 Kf4 29. Rxe5 Rxe5 30. Bxe5+ Kxe5 31. Kd2 Ke4 32. Ke2 b5
33. Kd2 Kd4 34. Kc1 Kc3 35. Kb1 1-0

[Event "Geller Memorial"]
[Site "Moscow"]
[Date "1999.02.06"]
[Round "5.38"]
[White "Kirusha, Andrey"]
[Black "Balashov, Yuri S"]
[Result "1/2-1/2"]
[WhiteElo "2365"]
[BlackElo "2578"]
[PlyCount "95"]
[EventDate "1999.02.02"]

1. Nf3 g6 2. d4 Bg7 3. c4 c5 4. d5 Nf6 5. Nc3 O-O 6. e4 e6 7. Bd3 d6 8. h3 a6
9. O-O e5 10. Bg5 h6 11. Be3 Nh5 12. Re1 Nd7 13. Bf1 Ndf6 14. Rb1 g5 15. g3 b5
16. Nh2 b4 17. Na4 Bh8 18. a3 a5 19. axb4 axb4 20. Nxc5 dxc5 21. Bxc5 Re8 22.
Bxb4 Nxg3 23. Bg2 Ngh5 24. c5 Nf4 25. Re3 Bg7 26. Ba3 Bf8 27. b4 Nxg2 28. Kxg2
Nxe4 29. f3 Nf6 30. d6 Qd7 31. Ng4 Nxg4 32. hxg4 e4 33. fxe4 Bb7 34. Rbb3 Rxe4
35. Rxe4 Re8 36. b5 Bxe4+ 37. Kg3 Re6 38. c6 Bxd6+ 39. Bxd6 Rxd6 40. cxd7 Rxd1
41. Re3 Rxd7 42. Rxe4 Kg7 43. Rb4 Kf6 44. b6 Rb7 45. Kf3 Ke5 46. Rb5+ Kd4 47.
Rf5 Rxb6 48. Rxf7 1/2-1/2

[Event "Geller Memorial"]
[Site "Moscow"]
[Date "1999.02.06"]
[Round "5.39"]
[White "Kharitonov, Andrei Y"]
[Black "Korobov, Ilya"]
[Result "1-0"]
[WhiteElo "2562"]
[BlackElo "2372"]
[PlyCount "107"]
[EventDate "1999.02.02"]

1. d4 f5 2. g3 Nf6 3. Bg2 g6 4. Nd2 Bh6 5. Ngf3 O-O 6. O-O d6 7. Re1 d5 8. c4
e6 9. Ne5 b6 10. Ndf3 Bg7 11. b3 Ne4 12. Ba3 Re8 13. Rc1 Bb7 14. Qc2 c6 15.
Red1 a5 16. e3 Ra7 17. Bb2 Ba8 18. a3 Qe7 19. Ne1 Rc8 20. N1d3 Nd7 21. Nxd7
Qxd7 22. f3 Nf6 23. a4 Rb8 24. Ba3 Ne8 25. Ne5 Bxe5 26. dxe5 c5 27. f4 Qf7 28.
cxd5 exd5 29. Bb2 Qe6 30. Bf3 Rd7 31. Qg2 Rbd8 32. g4 Ng7 33. h3 Kf7 34. Kh2
Rf8 35. Rd3 Bc6 36. Rcd1 Rfd8 37. Bc3 Kf8 38. Be1 c4 39. Rd4 cxb3 40. Rb1 Qe8
41. Rxb3 Ne6 42. Rd2 Bxa4 43. Rxb6 d4 44. gxf5 gxf5 45. exd4 Rxd4 46. Rxd4 Rxd4
47. Bxa5 Rxf4 48. Bd5 Bd7 49. Bb4+ Rxb4 50. Rxb4 Ng5 51. Qb2 Qh5 52. Rb8+ Be8
53. Qb4+ Kg7 54. Qe7+ 1-0

[Event "Geller Memorial"]
[Site "Moscow"]
[Date "1999.02.06"]
[Round "5.40"]
[White "Burmakin, Vladimir"]
[Black "Belov, Vladimir"]
[Result "1-0"]
[WhiteElo "2534"]
[BlackElo "2349"]
[PlyCount "84"]
[EventDate "1999.02.02"]

1. Nf3 Nf6 2. g3 d5 3. Bg2 c6 4. O-O Bg4 5. c4 dxc4 6. Na3 Qd5 7. Qc2 Be6 8. h4
Bf5 9. Qxc4 e6 10. Qa4 Nbd7 11. d3 Nb6 12. Qc2 Qd8 13. Nc4 Nxc4 14. Qxc4 Bd6
15. Bg5 h6 16. Bf4 Bxf4 17. Qxf4 O-O 18. Rfc1 Qb6 19. Rab1 a5 20. Ne5 Rfd8 21.
g4 Rd4 22. e4 Bg6 23. g5 hxg5 24. hxg5 Nd7 25. Nc4 Qd8 26. Qe3 Nf8 27. Rc3 c5
28. Ne5 Qd6 29. f4 Rd8 30. Bf1 b5 31. b3 Nd7 32. Nf3 Bh5 33. Rc2 Bxf3 34. Qxf3
c4 35. bxc4 bxc4 36. Rxc4 Rxc4 37. dxc4 Qd4+ 38. Qf2 Qxe4 39. Rd1 Qa8 40. Bg2
Qc8 41. Qd4 Kf8 42. Qd6+ Ke8 1-0

[Event "Geller Memorial"]
[Site "Moscow"]
[Date "1999.02.06"]
[Round "5.42"]
[White "Ovetchkin, Roman"]
[Black "Zenin, Dmitri"]
[Result "1-0"]
[WhiteElo "2511"]
[BlackElo "2345"]
[PlyCount "113"]
[EventDate "1999.02.02"]

1. e4 e5 2. Nf3 Nc6 3. c3 Nf6 4. d3 d5 5. Qc2 Be7 6. Be2 O-O 7. O-O h6 8. b4 a6
9. Re1 Re8 10. Nbd2 Bf8 11. a3 g6 12. Nf1 Bg7 13. Bb2 Be6 14. Rad1 Qd7 15. Ng3
Rad8 16. c4 d4 17. b5 axb5 18. cxb5 Na5 19. Nxe5 Qxb5 20. Nc4 Bxc4 21. dxc4 Qb3
22. Qxb3 Nxb3 23. Bf1 c5 24. h3 h5 25. e5 Nd7 26. f4 Bh6 27. Rd3 Na5 28. Rf3 f5
29. h4 Nf8 30. Nh1 Ne6 31. g3 b5 32. cxb5 c4 33. Nf2 Rd5 34. a4 Nc5 35. Ra3 Bf8
36. Rd1 Ne6 37. Ra2 Rc8 38. Bc3 Nb3 39. b6 Rdd8 40. Be1 c3 41. Rc2 Na5 42. Rb1
Bc5 43. Nd3 Rb8 44. Nxc5 Nxc5 45. Rb5 Nab7 46. a5 Ra8 47. Ra2 Kg7 48. Bg2 Ne4
49. a6 d3 50. Bxe4 c2 51. Bd2 fxe4 52. Kf2 Rd4 53. Ra1 Rc4 54. axb7 Rxa1 55.
b8=Q Kh6 56. Be3 d2 57. f5+ 1-0

[Event "Geller Memorial"]
[Site "Moscow"]
[Date "1999.02.06"]
[Round "5.43"]
[White "Kuporosov, Viktor"]
[Black "Ageichenko, Genadi A"]
[Result "1-0"]
[WhiteElo "2485"]
[BlackElo "2343"]
[PlyCount "72"]
[EventDate "1999.02.02"]

1. e4 c5 2. Nf3 d6 3. d4 cxd4 4. Nxd4 Nf6 5. Nc3 a6 6. Be2 e6 7. f4 Qc7 8. O-O
Nc6 9. Be3 Be7 10. Kh1 O-O 11. Qe1 Bd7 12. Qg3 b5 13. a3 Nxd4 14. Bxd4 Bc6 15.
Rae1 Qb7 16. Bd3 b4 17. axb4 Qxb4 18. Ne2 g6 19. Qg5 Nd5 20. Qh6 Nf6 21. Bc3
Qc5 22. Nd4 Bd7 23. e5 Ng4 24. Qh3 h5 25. Qg3 dxe5 26. fxe5 Kg7 27. h3 Rh8 28.
hxg4 hxg4+ 29. Kg1 Rh4 30. Qf4 Rf8 31. g3 Rh3 32. Qxg4 Rfh8 33. Rxf7+ Kxf7 34.
Qxg6+ Kf8 35. Rf1+ Bf6 36. Qxf6+ Ke8 1-0

[Event "Geller Memorial"]
[Site "Moscow"]
[Date "1999.02.06"]
[Round "5.46"]
[White "Lobzhanidze, Davit"]
[Black "Ariskin, Alexey"]
[Result "1-0"]
[WhiteElo "2452"]
[BlackElo "2294"]
[PlyCount "103"]
[EventDate "1999.02.02"]

1. e4 Nf6 2. e5 Nd5 3. d4 d6 4. Nf3 Bg4 5. Be2 e6 6. O-O Be7 7. c4 Nb6 8. h3
Bh5 9. Nc3 O-O 10. Be3 Nc6 11. exd6 cxd6 12. b3 d5 13. c5 Nd7 14. Rb1 Bg6 15.
Bd3 Qa5 16. Bxg6 hxg6 17. b4 Nxb4 18. Bd2 Nc6 19. Rxb7 Rfd8 20. Nxd5 Qxa2 21.
Nxe7+ Nxe7 22. Bf4 Qd5 23. Qb1 Nc6 24. Bc7 Rdc8 25. Bd6 Rd8 26. Rd1 a5 27. Ne5
Ndxe5 28. dxe5 Qc4 29. Re1 Nb4 30. Qe4 Qd5 31. Re3 Nc6 32. Qxd5 exd5 33. Rf3
Ra7 34. Rfxf7 Rxb7 35. Rxb7 Ra8 36. Rb6 a4 37. Rxc6 a3 38. e6 a2 39. Be5 a1=Q+
40. Bxa1 Rxa1+ 41. Kh2 Kf8 42. Rd6 Ke7 43. Rxd5 Kxe6 44. Rg5 Kf6 45. h4 Ra3 46.
f3 Ra4 47. Rg4 Ra6 48. Rc4 Rc6 49. Kg3 g5 50. h5 Kf5 51. Rc1 g6 52. h6 1-0

[Event "Geller Memorial"]
[Site "Moscow"]
[Date "1999.02.06"]
[Round "5.48"]
[White "Isanbaev, Ramil"]
[Black "Skatchkov, Pavel"]
[Result "0-1"]
[WhiteElo "2344"]
[BlackElo "2420"]
[PlyCount "160"]
[EventDate "1999.02.02"]

1. e4 e5 2. Nf3 Nf6 3. Nxe5 d6 4. Nf3 Nxe4 5. d4 d5 6. Bd3 Bd6 7. O-O O-O 8. c4
c6 9. Nc3 Nxc3 10. bxc3 Bg4 11. h3 Bh5 12. cxd5 cxd5 13. g4 Bg6 14. Bxg6 fxg6
15. Qb3 Rxf3 16. Qxb7 Na6 17. Qxa6 Rxh3 18. Qc6 Rc8 19. Bg5 Rxc6 20. Bxd8 Rhxc3
21. Bg5 Bc7 22. Be3 Bb6 23. Rab1 Ra3 24. Rb5 Rd6 25. Rb2 Rc3 26. Kg2 Rc4 27.
Rd1 g5 28. Rd3 h6 29. Rb5 Kh7 30. a3 Rd7 31. Kg3 Kg6 32. Kg2 Kf6 33. Rb1 Rdc7
34. f4 Rc2+ 35. Kf3 gxf4 36. Bxf4 R7c3 37. Be5+ Kg6 38. Rb3 Rxd3+ 39. Rxd3 Rc4
40. Kf4 a5 41. Ke3 a4 42. Kf4 Bd8 43. Bd6 Bf6 44. Bc5 Rc1 45. Rf3 Re1 46. Kg3
Re4 47. Rf5 Bxd4 48. Bd6 Bb2 49. Rxd5 Bxa3 50. Bxa3 Re3+ 51. Kh4 Rxa3 52. g5
hxg5+ 53. Rxg5+ Kh6 54. Ra5 Ra1 55. Kg3 g6 56. Kg4 Kg7 57. Ra6 Kf7 58. Kg3 Ra2
59. Kf3 Ra1 60. Ke3 Kg7 61. Kf3 Kh6 62. Ra5 a3 63. Kg3 g5 64. Kg2 Kh5 65. Kg3
Kg6 66. Kg2 Ra2+ 67. Kg3 Ra1 68. Kg2 Kf6 69. Kh2 Kg6 70. Kg2 Ra2+ 71. Kg3 Kf6
72. Kh3 Ra1 73. Kg2 g4 74. Kh2 Ke6 75. Kg3 Kd6 76. Kh2 Kc6 77. Rg5 Rb1 78. Ra5
Rb3 79. Rg5 g3+ 80. Kh3 Rc3 0-1

[Event "Geller Memorial"]
[Site "Moscow"]
[Date "1999.02.06"]
[Round "5.52"]
[White "Granovski, Aleksandar"]
[Black "Tkebuchava, Zurab"]
[Result "1-0"]
[WhiteElo "2302"]
[BlackElo "2417"]
[PlyCount "65"]
[EventDate "1999.02.02"]

1. d4 d5 2. Bg5 g6 3. Nd2 Bg7 4. e3 c5 5. c3 Qb6 6. Qb3 Qxb3 7. axb3 cxd4 8.
exd4 Nf6 9. Bd3 h6 10. Bxf6 Bxf6 11. f4 g5 12. Ne2 Nc6 13. O-O Bd7 14. b4 e6
15. Nf3 gxf4 16. b5 Ne7 17. Nxf4 Nc8 18. Nh5 Be7 19. Ne5 f5 20. Ng7+ Kf8 21.
Nxf5 exf5 22. Nxd7+ Kg7 23. Rxf5 Rd8 24. Nc5 Bxc5 25. dxc5 Ne7 26. Rf4 Rf8 27.
Rxf8 Kxf8 28. Kf2 Ke8 29. Ke3 Kd7 30. g3 Re8 31. Kd4 a6 32. Re1 Kc7 33. Re5 1-0

[Event "Geller Memorial"]
[Site "Moscow"]
[Date "1999.02.06"]
[Round "5.53"]
[White "Vdovin, Dmitry"]
[Black "Chepukaitis, Genrih"]
[Result "0-1"]
[WhiteElo "2292"]
[BlackElo "2415"]
[PlyCount "82"]
[EventDate "1999.02.02"]

1. e4 g6 2. d4 Bg7 3. Bc4 e6 4. Nc3 Ne7 5. Bg5 h6 6. Be3 a6 7. a4 b6 8. Nge2
Bb7 9. Ng3 d5 10. exd5 Nxd5 11. Nxd5 Bxd5 12. Bxd5 Qxd5 13. O-O Nc6 14. Ne2 O-O
15. Ra3 Rad8 16. Qc1 Kh7 17. c4 Qh5 18. Nf4 Qf5 19. d5 Nd4 20. Rc3 exd5 21.
Bxd4 Bxd4 22. Rf3 dxc4 23. Qxc4 Qd7 24. b3 a5 25. h4 h5 26. Qc2 Qg4 27. Qxc7
Rd7 28. Qc6 Rfd8 29. Qc2 Kg8 30. Qc4 Bc5 31. Ne2 Qxc4 32. bxc4 Rd2 33. Nc3 R2d4
34. Nd5 Rxc4 35. Nf6+ Kg7 36. Re1 Rxa4 37. Ne8+ Kf8 38. Nc7 Kg8 39. Na6 Bd6 40.
Rb1 Ra8 41. Rf6 Rd4 0-1